000 00691nam a2200265 a 4500
001 nice12345678
003 IN_TiNIC
005 20260116013049.0
008 050524s1988 newa grp 000 0 eng
020 _a0300049
_c75
082 0 0 _a297.1977
_bMUN
100 _aMunson, Henry Jr
245 _aIslam and Revolution in the Middle East
260 _aNew Haven
_bYale University Press
_c1988
300 _a180p
500 _aincludes index and biblioraphy
505 2 _aIndex
650 _aIslam and Politics
650 _aMiddle East-Politics and Government
650 _aShiah-Iran
700 1 _aMunson, Henry Jr
902 _bSRS
942 _cBK
999 _c9493
_d9493